000 00976nam a22003137a 4500
001 BR8000427
003 BR-BrBNA
005 20230928090525.0
007 ta
008 230509b bl.||||| |||| 00| 0 por d
040 _aBR-BrBNA
_bpor
_cBiblioteca Nacional de Agricultura
041 _a(Por)
072 _aF22
_b3830
090 _ 3830 BR8000427
100 1 _aSilva, A.F.B.
110 1 _aUniversidade Federal de Vicosa, MG (Brasil)
_0Tese (Magister Scientiae)
245 1 _aEfeito do aquecimento na adsorcao de fosfatos por um latossolo roxo distrofico
246 1 _a[Effect of heating on phosphate adsorption by a dystrophic purple latosol]
260 3 _aVicosa, MG (Brasil):
_c1979.
300 _a32 p.
500 _a7 tables; Bibliography p. 25-29 (51 ref.); Summary (Por)
650 _aFisica do solo
650 _aSolo
650 _aAdsorcao
650 _aFosfato
650 _aLatossolo roxo
909 _a202309
_bLucia
_c55
_dLucia Elande
942 _cBK
999 _c29194
_d29194